The Ultimate Total Drama Quiz (Season 3) Stats

 Plays Quiz not verified by Sporcle

Score 0/23 Timer 20:00
0 Plays Today
Question Answer Wrong Answers
Which was the first team to be assembled in TDWT? Team Victory
88.1%
Team Chris Is Really Really Really Really Hot!
9.4%
The Heroic Hamsters
0.8%
The Gluckling Chickens
0.8%
What is the color of the fake tooth the Natives gave to Heather in the episode 'The Am-AH-Zon Race'? Gold
84.7%
Silver
2.3%
Yellow
6.1%
She didn't get a fake tooth
1.3%
In the episode 'Walk Like An Egyptian - Part 2' which prize was given to Team Chris Is Really Really Really Really Hot? A goat
84.3%
A camel
10.3%
A bottle of water
1.5%
No prize at all
2.9%
What was Total Drama World Tour originally going to be named? Total Drama The Musical
77.4%
Total Drama Sing!
2.3%
Total Drama...Around The World
16.8%
Total Drama, Time To Sing!
3.4%
What is the number you need to call to donate money to save Total Drama? 1-800-555-5555
74.4%
1-800-755-6907
6.3%
1-800-700-600
7.8%
1-7774-980-7890
4%
What was the name of DJ's lucky fish? Irene
74.2%
Lili
5.9%
Idna
5.5%
Edna
6.9%
Who is the first girl Alejandro flirted with? Bridgette
69.8%
Lindsay
17%
Leshawna
5%
Heather
7.1%
What is Gwen allergic to in the episode 'Picnic at Hanging Dork'? Eucalyptus
66.2%
Aloe vera
6.1%
Coconuts
4.4%
Koalas
15.7%
What type of monkeys 'kidnapped' Cody in the episode 'African Lying Safari'? Baboons
64.4%
Gorillas
6.3%
Squirrel monkey
15.3%
It wasn't a monkey it was a Koala
6.5%
What song is sung in the episode 'Newf Kids on the Rock'? Sea Shanty
64.2%
Paris in the Springtime
7.1%
Oh My Izzy
16.8%
Baby
4.6%
What does Courtney pour over Duncan's head in the episode 'The EX-Files'? Spaghetti
61.2%
Alfredo Sauce
11.5%
Salad
3.6%
Clam Sauce
16.1%
What does Team Victory use to race down the mountain in the episode 'Slap Slap Revolution'? A german sausage
60.6%
Owen
22%
A banana
2.3%
A sled
10.9%
What was the 4th song sung on TDWT? Stuck 2 A Pole
57.7%
Before We Die
30%
What's Not 2 Love
6.1%
Im Sorry
4%
When did Total Drama World Tour premiere in the US? June 21, 2010
46.3%
June 11, 2010
28.7%
December 47, 2011
10.7%
August 25, 2009
14.3%
When is the first time Alejandro flirts with Heather? In the opening sequence on the Statue Of Liberty
45.9%
In 'Walk Like An Egyptian - Part 2' when he blows kiss at her
40.3%
He never flirts with her
2.1%
In the Celebrity Man Hunt Special
6.3%
What is the name of the game Alejandro tells Izzy they are playing to get her to look for sculpture pieces in the episode 'Can't Help Falling In Louvre? Sculpture piece bingo!
45.1%
Sculpture bingo!
21.4%
Sculpture puzzle game!
14.3%
Look for the sculpture piece game!
12.6%
Who is the last person to speak (that is not Chris)? Heather
38.8%
Ezequiel
12.8%
Alejandro
35.6%
Katie & Sadie
4.8%
In the episode 'Rapa Phooey!' who is the first to find an egg? Sierra
38.2%
Cody
14%
Alejandro
24.1%
Heather
16.1%
In which episode did Team Chris Is Really Really Really Really Hot finally get to first class? 'Broadway, Baby!'
31.9%
'Anything Yukon Do, I Can Do Better'
43.4%
'Super Happy Crazy Fun Time Japan'
18.2%
Never
3.4%
Who is the first to win a Golden Chris in the episode 'Aftermath Aftermayhem'? Leshawna
30%
Lindsay
16.6%
Beth
31.2%
Noah
14.7%
What was the name of the panda DJ almost killed? T'sing T'sing
29.4%
Ting Ting
34.4%
Ming Ming
25.8%
Leng Leng
8.6%
What is the name os the dinosaur that Cody created in the episode 'Awwwwww, Drumheller'? 'Codiodon'
29.1%
'Codysaurus'
45.9%
'Codyosaurex'
14%
'Codysaory'
3.1%
When did the episode 'Hawaiian punch' premiere in the US? November 15, 2010
29.1%
April 24, 2011
18.7%
September 20, 2010
24.7%
February 13, 2011
19.3%

You're not logged in!

Compare scores with friends on all Sporcle quizzes.
OR
Log In

Sporcle TV

Today on Sporcle TV


Watch our educational content, quiz creation guides, and fun videos on Sporcle TV.

Show Comments

Extras

Top Quizzes Today


Score Distribution

Your Account Isn't Verified!

In order to create a playlist on Sporcle, you need to verify the email address you used during registration. Go to your Sporcle Settings to finish the process.

Report this User

Report this user for behavior that violates our Community Guidelines.

Details: